Jeanne - Respire fort [paroles] - Statistiques

Statistiques générales
  • Ce quiz a été pris 245 fois
  • Le résultat moyen est 77 sur 108
Statistiques - réponses
Hint Réponse % Correct
7 à
99%
1 a
99%
8 je
99%
1 ma
97%
7 mais
97%
10 de
96%
7 respire
96%
9 fort
95%
3 la
95%
2 le
94%
2 se
94%
2 au
92%
10 et
92%
2 milieu
91%
1 s'en
91%
3 tout
90%
4 en
89%
2 mon
89%
6 mort
89%
1 foule
88%
6 j'angoisse
88%
5 pendant
88%
5 qu'ils
87%
7 encore
86%
5 s'endorment
86%
2 j'étouffe
84%
3 trop
82%
1 l'monde
81%
3 reprend
81%
3 ça
80%
2 figée
79%
2 on
79%
3 réfléchir
79%
3 suis-je
79%
4 tort
79%
1 fout
78%
3 j'ai
78%
2 me
78%
2 ou
78%
1
78%
2 essayé
77%
2 que
76%
2 ses
76%
3 si
76%
2 corps
75%
3 dans
75%
1 l'air
75%
1 les
75%
1 prendre
74%
1 doutes
73%
2 fait
73%
2 pas
72%
2 quand
72%
1 bien
71%
2 chacun
71%
1 chair
71%
2 il
71%
2 vide
71%
1 névroses
70%
1 ongles
70%
2 redescend
70%
2 sent
70%
1 fête
68%
2 j'suis
68%
1 prête
67%
2 mes
66%
1 stupide
66%
1 enlevé
65%
1 y
64%
1 comme
63%
1 du
63%
2 nord
63%
1 puis
63%
1 une
63%
1 l'or
62%
1 nuit
62%
1 cigarettes
61%
2 j'perds
61%
1 vais
61%
1 danser
60%
1 fer
60%
1 vaut
60%
1 cage
59%
1 leur
59%
1 verre
59%
1 s'essouffle
58%
1 pensées
57%
1 leurs
56%
1 plus
56%
1 poumons
56%
1 futile
54%
1 perdue
54%
1 plane
54%
1 planète
54%
1 brûle
53%
1 penser
53%
1 au-dessus
52%
1 peur
52%
1 rendre
52%
1 j'sais
50%
1 sourde
48%
1 vais-je
46%
1 eclore
45%
1 guider
44%
1 laisser
44%
1 l'élan
44%
1 fléchir
41%
1 s'affole
39%
Aucun quiz correspondant
Distribution des résultats
% des personnes avec chaque résultat
Percentile par nombre de réponses
Votre historique - résultats
Vous n’avez pas pris ce quiz